000 00614nam a2200253 a 4500
001 nice12345678
003 IN_TiNIC
005 20260116011809.0
008 050524s1928 egya grp 000 0 per
020 _a
_c100
082 0 0 _a230
_bGAI
100 _aGairdner, Canon
245 _aSharh Injil-I-Barnabas.
260 _aEgypt
_bMatba-E-Neel
_c1928
300 _a69p
500 _aincludes index and biblioraphy
505 2 _aHand Written Manuscript
650 _aTheology
650 _aApocryphal Gospels-Barnabas
700 1 _aGairdner, Canon
902 _bRBA
942 _cBK
999 _c4035
_d4035